| 000 | 00767nam a22002177a 4500 | ||
|---|---|---|---|
| 999 |
_c442354 _d442354 |
||
| 003 | UA-OsUOA | ||
| 005 | 20191002094126.0 | ||
| 008 | 190926b un ||||| |||| 00| 0 ukr d | ||
| 040 |
_aUA-OsUOA _bukr _cUA-OsUOA _dUA-OsUOA |
||
| 041 | _aukr | ||
| 080 | _a821.161 | ||
| 090 |
_a821.161 _bБ64 |
||
| 100 | _aБирюков А. | ||
| 245 |
_aПерекоп _bочерк _cАлексей Бирюков ; ред. А. Ф. Кузнецов |
||
| 260 |
_aСимферополь _bТаврия _c1976 |
||
| 300 | _a157 с. | ||
| 856 | 4 | 0 | _yКлацніть тут для перегляду онлайн |
| 942 |
_2udc _cBK |
||
| 955 | _a3 | ||